Central Library OPAC University of Rajshahi

Constitutional history of India and national movement / (Record no. 54575)

MARC details
000 -LEADER
fixed length control field 00770nam a2200253 a 4500
001 - CONTROL NUMBER
control field 54575
003 - CONTROL NUMBER IDENTIFIER
rucl marc code BD-RjUL
005 - DATE AND TIME OF LATEST TRANSACTION
control field 20211209080136.0
008 - FIXED-LENGTH DATA ELEMENTS--GENERAL INFORMATION
fixed length control field 161106s1972 ii b 000 0 eng
035 ## - SYSTEM CONTROL NUMBER
System control number (BD-RjUL)54697
040 ## - CATALOGING SOURCE
Original cataloging agency DLC
Transcribing agency DLC
Modifying agency BD-RjUL
Language of cataloging eng
041 ## - LANGUAGE CODE
Language code of text/sound track or separate title eng
082 00 - DEWEY DECIMAL CLASSIFICATION NUMBER
Edition number 23
Classification number 342.54029
Author mark and year BHC 1972
100 0# - MAIN ENTRY--PERSONAL NAME
Personal name Vishnoo Bhagwan,
Dates associated with a name 1929-
9 (RLIN) 162788
245 10 - TITLE STATEMENT
Title Constitutional history of India and national movement /
Statement of responsibility, etc. Vishnoo Bhagwan
250 ## - EDITION STATEMENT
Edition statement 3d ed., rev. and improved.
260 ## - PUBLICATION, DISTRIBUTION, ETC. (IMPRINT)
Place of publication, distribution, etc. Delhi :
Name of publisher, distributor, etc. Atma Ram,
Date of publication, distribution, etc. 1972.
300 ## - PHYSICAL DESCRIPTION
Pagination xi, 322, 354 p. :
Size 22 cm.
350 ## - PRICE (NR) (BK AM CF MU VM SE) [OBSOLETE]
Price Rs22.50
504 ## - BIBLIOGRAPHY, ETC. NOTE
Bibliography, etc Bibliography: p. 351-354.
650 #0 - SUBJECT ADDED ENTRY--TOPICAL TERM
Topical term or geographic name as entry element Constitutional history
Geographic subdivision India.
9 (RLIN) 162789
651 #0 - SUBJECT ADDED ENTRY--GEOGRAPHIC NAME
Geographic name India
General subdivision Politics and government.
9 (RLIN) 162790
942 ## - ADDED ENTRY ELEMENTS (KOHA)
Source of classification or shelving scheme Dewey Decimal Classification
Koha item type Books
Holdings
Lost status Source of classification or shelving scheme Damaged status Not for loan Collection code Permanent Location Current Location Shelving location Date acquired Source of acquisition Total Checkouts Full call number Date last seen Copy number Koha item type
  Dewey Decimal Classification     Non-fiction Central Library, University of Rajshahi Central Library, University of Rajshahi   11/09/1974 Indian Govt.   342.54029 BHC 1972 07/11/2016 C-2 Books